Sports Quiz

Random Sports or Football Quiz

Expatriate Scottish Footballers Quiz Stats

Quiz not verified by Sporcle

Challenge
Share
Tweet
Score 0/40 Timer 07:00
0 Plays Today
% Correct
Steven Fletcher
90.4%
Joe Jordan
83%
Allan McGregor
80.9%
Alan McInally
80.9%
Steve Archibald
80.9%
Murdo Macleod
79.8%
Mo Johnston
79.8%
Alan Hutton
79.8%
Barry Robson
74.5%
Denis Law
74.5%
Garry O'Connor
74.5%
Milan
73.4%
Barcelona
71.3%
Bayern Munich
70.2%
Borussia Dortmund
68.1%
Scott Booth
63.8%
Ikechi Anya
61.7%
Marseille
60.6%
Eric Black
58.5%
Torino
57.4%
% Correct
Nantes
48.9%
Mallorca
46.8%
Lokomotiv Moscow
45.7%
Craig Brewster
43.6%
Besiktas
41.5%
Metz
35.1%
FC Twente
33%
Vancouver Whitecaps
30.9%
Barry Douglas
28.7%
Celta Vigo
27.7%
Stuart Duff
25.5%
Lech Poznan
21.3%
Melbourne Victory
16%
Steven Tweed
11.7%
Ionikos
10.6%
Kairat Almaty
10.6%
Nancy
10.6%
Grant Brebner
8.5%
Ray Stephen
7.4%
MSV Duisburg
4.3%

You're not logged in!

Compare scores with friends on all Sporcle quizzes.
Join for Free
OR
Log In

You Might Also Like...

Show Comments

Extras

Top Quizzes Today


Score Distribution

Your Account Isn't Verified!

In order to create a playlist on Sporcle, you need to verify the email address you used during registration. Go to your Sporcle Settings to finish the process.

Report this User

Report this user for behavior that violates our Community Guidelines.

Details: